| 000 | 02708cam a2200589 i 4500 | ||
|---|---|---|---|
| 001 | xx004660116 | ||
| 003 | NUKAT | ||
| 005 | 20260402135617.0 | ||
| 008 | 190709s2019 pl a |001 0 pol c | ||
| 020 |
_a9788380985964 _q(oprawa twarda) : _czł 50,00 |
||
| 035 | _a(OCoLC)1111747593 | ||
| 035 | _a(NUKAT)xx004660116 | ||
| 040 |
_aWR U/ewg _bpol _erda _cWR U/ewgs _dWR U/mw _dPOZN U/EMs _dWR O/MMt _dWA 14/ABs _dOLSZT 008/bak |
||
| 041 | 0 |
_apol _beng |
|
| 045 | 2 |
_bd1962 _bd1978 |
|
| 046 | _k2019 | ||
| 100 | 1 |
_aBułhak, Władysław _d(1965- ). _eAutor _912034 |
|
| 245 | 1 | 0 |
_aWywiad PRL a Watykan 1962-1978 / _cWładysław Bułhak ; Instytut Pamięci Narodowej. Komisja Ścigania Zbrodni przeciwko Narodowi Polskiemu. |
| 260 |
_aWarszawa : _bInstytut Pamięci Narodowej. Komisja Ścigania Zbrodni przeciwko Narodowi Polskiemu, _c2019. |
||
| 300 |
_a839, [1] strona : _bilustracje ; _c25 cm. |
||
| 336 |
_aTekst _btxt _2rdacontent |
||
| 337 |
_aBez urządzenia pośredniczącego _bn _2rdamedia |
||
| 338 |
_aWolumin _bnc _2rdacarrier |
||
| 380 | _aKsiążki | ||
| 380 | _aPublikacje naukowe | ||
| 388 | 1 | _a2001- | |
| 490 | 1 | _aCentralny Projekt Badawczy IPN - Struktury i Metody Działania Aparatu Bezpieczeństwa w Polsce 1944-1989/90 | |
| 504 | _aBibliografia na stronach 776-804. Indeks. | ||
| 546 | _aStreszczenie w języku angielskim. | ||
| 610 | 2 | 7 |
_aDepartament I (Ministerstwo Spraw Wewnętrznych ; 1954-1996) _2DBN _939433 |
| 610 | 2 | 7 |
_aKościół katolicki _2DBN _937102 |
| 610 | 1 | 7 |
_aPolska. _bMinisterstwo Spraw Wewnętrznych (1954-1996). _2kaba _939148 |
| 648 | 7 |
_a1901-2000 _2DBN _934996 |
|
| 648 | 7 |
_a1945-1989 _2DBN _936043 |
|
| 650 | 7 |
_aCzynności operacyjne _2DBN _939434 |
|
| 650 | 7 |
_aPRL _2DBN _935084 |
|
| 650 | 7 |
_aTajni współpracownicy służb specjalnych _2DBN _939435 |
|
| 650 | 7 |
_aWywiad polski _2DBN _939436 |
|
| 650 | 7 |
_aKościół i państwo _zPolska _y1945-1990. _2kaba _939437 |
|
| 650 | 7 |
_aKościół katolicki _xstosunki zagraniczne _zPolska _y1945-1990. _2kaba _939438 |
|
| 650 | 7 |
_aKościół katolicki _zPolska _y1945-1990. _2kaba _939439 |
|
| 650 | 7 |
_aSłużby wywiadowcze _zPolska _y1945-1990. _2kaba _939440 |
|
| 651 | 7 |
_aWatykan _2DBN _939441 |
|
| 651 | 7 |
_aPolska _xstosunki zagraniczne _xKościół katolicki _y1945-1990. _2kaba _939442 |
|
| 655 | 7 |
_aMonografia _2DBN _935240 |
|
| 658 | _aBezpieczeństwo i wojskowość | ||
| 658 | _aHistoria | ||
| 710 | 2 |
_aInstytut Pamięci Narodowej - Komisja Ścigania Zbrodni przeciwko Narodowi Polskiemu. _eInstytucja sprawcza _eWydawca _4pbl _911792 |
|
| 830 | 0 |
_aStruktury i Metody Działania Aparatu Bezpieczeństwa w Polsce 1944-1989/90 _939468 |
|
| 920 | _a978-83-8098-596-4 (oprawa twarda) : zł 50,00 | ||
| 942 |
_2ddc _cBK_NM |
||
| 999 |
_c27418 _d27418 |
||